| 000 -LEADER |
| fixed length control field |
01062nam a22003611a 4500 |
| 001 - CONTROL NUMBER |
| control field |
019475382 |
| 003 - CONTROL NUMBER IDENTIFIER |
| control field |
UkOxU |
| 005 - DATE AND TIME OF LATEST TRANSACTION |
| control field |
20190816145453.0 |
| 008 - FIXED-LENGTH DATA ELEMENTS--GENERAL INFORMATION |
| fixed length control field |
101118r20122011enka 000|0 eng|d |
| 015 ## - NATIONAL BIBLIOGRAPHY NUMBER |
| National bibliography number |
GBB1D9876 |
| Source |
bnb |
| 016 7# - NATIONAL BIBLIOGRAPHIC AGENCY CONTROL NUMBER |
| Record control number |
015986731 |
| Source |
Uk |
| 020 ## - INTERNATIONAL STANDARD BOOK NUMBER |
| International Standard Book Number |
9781406228595 |
| 035 ## - SYSTEM CONTROL NUMBER |
| System control number |
(Uk)015986731 |
| 040 ## - CATALOGING SOURCE |
| Original cataloging agency |
StDuBDS |
| Language of cataloging |
eng |
| Transcribing agency |
StDuBDS |
| Modifying agency |
Uk |
| 042 ## - AUTHENTICATION CODE |
| Authentication code |
ukblsr |
| 082 04 - DEWEY DECIMAL CLASSIFICATION NUMBER |
| Classification number |
363.706 GRE |
| Edition number |
22 |
| 100 1# - MAIN ENTRY--PERSONAL NAME |
| Personal name |
Green, Jen. |
| Relator term |
author |
| 245 10 - TITLE STATEMENT |
| Title |
Reducing pollution and waste / |
| Statement of responsibility, etc. |
Jen Green. |
| 260 ## - PUBLICATION, DISTRIBUTION, ETC. |
| Place of publication, distribution, etc. |
London : |
| Name of publisher, distributor, etc. |
Raintree, |
| Date of publication, distribution, etc. |
2011. |
| 300 ## - PHYSICAL DESCRIPTION |
| Extent |
48 p. : |
| Other physical details |
ill. ; |
| Dimensions |
26 cm. |
| 336 ## - CONTENT TYPE |
| Content type term |
text |
| Source |
rdacontent |
| 337 ## - MEDIA TYPE |
| Media type term |
unmediated |
| Source |
rdamedia |
| 338 ## - CARRIER TYPE |
| Carrier type term |
volume |
| Source |
rdacarrier |
| 440 ## - SERIES STATEMENT/ADDED ENTRY--TITLE |
| Title |
Raintree freestyle |
| 490 0# - SERIES STATEMENT |
| Series statement |
The environment challenge |
| 500 ## - GENERAL NOTE |
| General note |
Originally published: 2011. |
| 500 ## - GENERAL NOTE |
| General note |
Formerly CIP.<br/>Include index |
| Institution to which field applies |
Uk |
| 521 2# - TARGET AUDIENCE NOTE |
| Target audience note |
Key Stage 3. |
| 650 #0 - SUBJECT ADDED ENTRY--TOPICAL TERM |
| Topical term or geographic name entry element |
Pollution prevention |
| Form subdivision |
Juvenile literature. |
| 650 #0 - SUBJECT ADDED ENTRY--TOPICAL TERM |
| Topical term or geographic name entry element |
Salvage (Waste, etc.) |
| Form subdivision |
Juvenile literature. |
| 942 ## - ADDED ENTRY ELEMENTS (KOHA) |
| Source of classification or shelving scheme |
|
| Koha item type |
Books - Non Ficton |